000 00562nam a2200157Ia 4500
008 220216s9999 xx 000 0 und d
100 _aRodrigo V H L
245 0 _aResponse of some Sri Lankan rubber clones to gaseous stimulation in tapping: A preliminary investigation
260 _bPreprints of Papers. International Natural Rubber Conference 13-14 November 2006, Vietnam, pp.74-87.
650 _aEthylene
650 _aGaseous stimulation
650 _aLow frequency tapping
700 _aKudaligama K V V S
700 _aSamarasekera R K
942 _cJS
999 _c66871
_d66871